Beatles People (Sudden Death) - Statistics

General Stats
  • This quiz has been taken 1,088 times
  • The average score is 9 of 16
Answers on the Grid
Answers color-coded by a green-red scale on the quiz's grid according to % correct below.
Aretha Franklin
Billy Preston
Bob Dylan
Brian Epstein
Buddy Holly
Chuck Berry
Elton John
Eric Clapton
George Harrison
George Martin
Jim Morrison
Jimi Hendrix
Jimmy Page
John Lennon
Mal Evans
Mick Jagger
Paul McCartney
Pete Best
Pete Townshend
Phil Spector
Ringo Starr
Stevie Wonder
Stuart Sutcliffe
Yoko Ono
 
Answer Stats
Answer % Correct
John Lennon
82%
Paul McCartney
81%
George Harrison
79%
Ringo Starr
79%
Yoko Ono
71%
Brian Epstein
63%
Pete Best
58%
George Martin
57%
Billy Preston
54%
Stuart Sutcliffe
54%
Eric Clapton
48%
Phil Spector
40%
Mal Evans
35%
Chuck Berry
28%
Mick Jagger
23%
Buddy Holly
19%
No matching quizzes found
Score Distribution
Percent of People with Each Score
Percentile by Number Answered
Your Score History
You have not taken this quiz